000 00274nam a22001217a 4500
008 170222b xxu||||| |||| 00| 0 eng d
041 _aeng
080 _a617
100 _a5
101 _aSHK
245 _aPLASTIC AND RECONSTRUKTIVE SURGERY
_cROHRICH .R.J
942 _2udc
_cBK
999 _c6121
_d6121